Menahale ha-ʻavodah ba-taʼaśiyah : (Record no. 32682)

MARC details
000 -LEADER
fixed length control field 00674cam a22002291 4500
001 - CONTROL NUMBER
control field he 67001907
003 - CONTROL NUMBER IDENTIFIER
control field DLC
005 - DATE AND TIME OF LATEST TRANSACTION
control field 20260227111450.0
008 - FIXED-LENGTH DATA ELEMENTS--GENERAL INFORMATION
fixed length control field 840125s1965 is 000 0 heb
010 ## - LIBRARY OF CONGRESS CONTROL NUMBER
LC control number he 67001907
035 ## - SYSTEM CONTROL NUMBER
System control number (OCoLC)19148248
040 ## - CATALOGING SOURCE
Original cataloging agency DLC
Transcribing agency MH
Modifying agency DLC
042 ## - AUTHENTICATION CODE
Authentication code premarc
050 00 - LIBRARY OF CONGRESS CALL NUMBER
Classification number HF5549
Item number .M3445
110 2# - MAIN ENTRY--CORPORATE NAME
Corporate name or jurisdiction name as entry element Merkaz ha-Yiśreʼeli le-nihul.
245 10 - TITLE STATEMENT
Title Menahale ha-ʻavodah ba-taʼaśiyah :
Remainder of title ḳovets hartsaʼot.
260 ## - PUBLICATION, DISTRIBUTION, ETC.
Place of publication, distribution, etc. [Tel Aviv] :
Name of publisher, distributor, etc. ha-Merkaz ha-Yiśreʼeli le-nihul,
Date of publication, distribution, etc. [1965]
300 ## - PHYSICAL DESCRIPTION
Extent 136, 2 p. :
Other physical details ill. ;
Dimensions 25 cm.
490 0# - SERIES STATEMENT
Series statement Nihul yitsur ;
Volume/sequential designation Y-7
650 #0 - SUBJECT ADDED ENTRY--TOPICAL TERM
Topical term or geographic name entry element Supervisors, Industrial.
752 ## - ADDED ENTRY--HIERARCHICAL PLACE NAME
Country or larger entity Israel
City Tel Aviv

No items available.

Powered by Koha